01022cam a22002532i 450000100060000000300080000600500170001400800410003103500190007204000320009104100080012308200230013110000290015424500520018326000520023530000270028750000710031465100370038565100390042294200120046199900170047395201390049095201390062935681BD-RjUL20211209052349.0140529s1956 enk 000 0 eng d a(BD-RjUL)35776 aNJRcNJRdNRCdBD-RjULbeng aeng04a330.9095bZID 19631 aZinkin, Maurice.910863310aDevelopment for free Asia /cby Maurice Zinkin. aLondon :bChatto & Windus,c1956 [Printed 1963] aviii, 263 p. ;c23 cm. a"Issued under the auspices of the Institute of Pacific Relations." 0aAsiaxSocial conditions.9108634 0aAsiaxEconomic conditions.9108635 2ddccBK c35681d35681 00102ddc40708NFICaRUCLbRUCLcStackd1965-03-02ezeetlingerg0.00l0o330.9095 ZID 1963r2014-05-29 00:00:00tC-2w2021-12-09yBK 00102ddc40708NFICaRUCLbRUCLcStackd2016-05-03ezeetlingerg0.00l0o330.9095 ZID 1963r2014-05-29 00:00:00tC-1w2021-12-09yBK